| 000 | 00993nam a22002655i 4500 | ||
|---|---|---|---|
| 001 | 168770 | ||
| 003 | ES-MaACL | ||
| 005 | 20230906213903.0 | ||
| 008 | 080604s2004 sp |||| | spa d | ||
| 020 | _a84-7664-864-2 | ||
| 080 | _a73 Penone, Giuseppe (083.824) | ||
| 100 | 1 |
_aPenone, Giuseppe. _9137877 |
|
| 245 | 1 | 0 |
_aGiuseppe Penone _b: exposición concebida y realizada por el Centre Pompidou. |
| 260 |
_aBarcelona : _bFundación "la Caixa", _c[2004] |
||
| 300 |
_a184 p., [8] p. : _bil. col. ; _c30 cm. |
||
| 500 | _a"Centre Pompidou, París, 21 abril-23 agosto 2004. CaixaForum, Fundación "la Caixa", Barcelona, 1 octubre 2004-16 enero 2005" | ||
| 504 | _aBibliografía. | ||
| 600 | 1 | 4 |
_aPenone, Giuseppe- _vExposiciones. _9137878 |
| 655 | 7 |
_2tgfbne _9193628 _aCatálogos de exposiciones |
|
| 710 | 2 |
_aCentre Georges Pompidou. _92555 |
|
| 710 | 2 |
_aFundació "la Caixa" _9173255 |
|
| 852 | 4 |
_aES-MaACL _jL-29464 _9R.143131 |
|
| 942 | _2udc | ||
| 999 |
_c168770 _d168770 |
||